000 00459nam a2200157 a 4500
005 20140412111326.0
008 110128s19uu xx 00 eng d
020 _a0-7641-0995-2
050 _aM 306.856
_bT382 1998
100 _aThomas, Pat
245 _aMy Family's Changing :
_bA First look at family break-up /
_cPat Thomas.
260 _aCanada :
_bBarron's educational,
_c1998.
300 _a29p.
440 _aa first look at... book
999 _c104670
_d104670